000 00714nam a2200253Ia 4500
003 OSt
005 20220918175035.0
006 a|||||r|||| 00| 0
007 ta
008 220917b |||||||| |||| 00| 0 eng d
024 _a15,335
037 _cTextual
040 _aARTS
_cARTS
_beng
041 _2eng
_aeng
082 _aO111:gxN06, L8
100 _aNorris Christopher
_913225
245 0 _aWilliam Empson and the philosophy of literary criticism
260 _aLondon
_bAthlone Press
_c1978
300 _aviii,222p.
_ccm.
500 _aBibliography 207-208p
650 _aENGLISH LITERATURE
942 _hO111:gxN06, L8
_cTEXL
_2CC
999 _c155746
_d155746